| 000 | 00978cam a2200301 a 4500 | ||
|---|---|---|---|
| 001 | 4788384 | ||
| 003 | ARRUPE | ||
| 005 | 20141118020006.0 | ||
| 008 | 871013s1988 cau b 001 0 eng | ||
| 010 | _a 87045692 | ||
| 020 |
_a0062548247 : _c$16.95 |
||
| 040 |
_aDLC _cDLC _dDLC |
||
| 050 | 0 | 0 |
_aBT704 _b.C38 1988 |
| 082 | 0 | 0 |
_a230/.082 _220 |
| 100 | 1 |
_aCarr, Anne E. _97460 |
|
| 245 | 1 | 0 |
_aTransforming grace : _bChristian tradition and women's experience / _cAnne E. Carr. |
| 250 | _a1st ed. | ||
| 260 |
_aSan Francisco : _bHarper & Row, _cc1988. |
||
| 300 |
_aix, 272 p. ; _c22 cm. |
||
| 500 | _aIncludes index. | ||
| 504 | _aBibliography: p. [245]-266. | ||
| 650 | 0 |
_aWomen _xReligious aspects _xChristianity. _97461 |
|
| 650 | 0 |
_aFeminism _xReligious aspects _xChristianity. _97462 |
|
| 650 | 0 |
_aFeminist theology. _97463 |
|
| 650 | 0 |
_aOrdination of women _xChristianity. _97464 |
|
| 906 |
_a7 _bcbc _corignew _d1 _eocip _f19 _gy-gencatlg |
||
| 942 |
_2lcc _cMONOGRAPH _01 |
||
| 999 |
_c119809 _d119809 |
||